English for modern living : adjectives and adverbs (Record no. 9867)

MARC details
000 -LEADER
fixed length control field 00440nam a22001577a 4500
003 - CONTROL NUMBER IDENTIFIER
control field OSt
005 - DATE AND TIME OF LATEST TRANSACTION
control field 20260425003609.0
008 - FIXED-LENGTH DATA ELEMENTS--GENERAL INFORMATION
fixed length control field 260425b |||||||| |||| 00| 0 eng d
020 ## - INTERNATIONAL STANDARD BOOK NUMBER
International Standard Book Number 962-8936-03-4
040 ## - CATALOGING SOURCE
Original cataloging agency DWCL Main Lib
Transcribing agency OC
082 ## - DEWEY DECIMAL CLASSIFICATION NUMBER
Classification number Circ. 425 B135e 2006
245 ## - TITLE STATEMENT
Title English for modern living : adjectives and adverbs
260 ## - PUBLICATION, DISTRIBUTION, ETC.
Place of publication, distribution, etc. London
Name of publisher, distributor, etc. Marshall Cavendish
Date of publication, distribution, etc. c2006
300 ## - PHYSICAL DESCRIPTION
Extent 53 pages.
942 ## - ADDED ENTRY ELEMENTS (KOHA)
Source of classification or shelving scheme Dewey Decimal Classification
Koha item type Book Circulation
Classification part Circ.
Suppress in OPAC No
952 ## - LOCATION AND ITEM INFORMATION (KOHA)
--
Holdings
Withdrawn status Lost status Source of classification or shelving scheme Damaged status Not for loan Home library Current library Shelving location Date acquired Source of acquisition Total Checkouts Full call number Barcode Date last seen Copy number Price effective from Koha item type Uniform Resource Identifier
    Dewey Decimal Classification     College Library College Library Circulation 08/22/2007 School Fund   Circ. 425 B135e 2006 CL45072 04/25/2026 c1 04/25/2026 BK-CIRC